00747nam a22002417a 450000500170000001000130001702000110003003500130004103700160005404000120007008200150008210000220009724500650011924600060018426000540019027000100024430000300025465000200028465000320030494200240033699900190036095201260037920170124110122.0 aA-949930 c150.00 aA-949930 bCen Lib/Ret aDPLbEN a929.3bAHM aAhmed Khan930859 aAn account of the loyal Mahomedans of India /cby Ahmed Khan b  bKhuda Bakhsh Oriental Public Libraryc1998aPatna bBihar avarious pagingsc21cm(Hb) aReligion930860 aIndia -- Mahomedans930861 2ddccENh929.3mAHM c131106d131106 00104070aLbLd2015-07-13eCen Lib/Retg150.00l0o929.3 AHMpA-949930r2015-07-13 00:00:00t1v150.00w2015-07-13yEN